02366nam a2200373 i 4500999001500000001001100015003000400026005001700030008004100047017005500088020001800143035002200161040003300183043001200216080000700228100003500235245011900270264003700389300004600426336002600472337003400498338002600532504003600558520101900594648001901613650002801632650005001660650005401710651001801764907007201782940000801854942001301862952011701875 c7317d7317.b7388179xOSt20210225174225.0200303s2020 sp a b 001 0 spa  aDL SE. 2444-2019bOficina Depósito Legal Sevilla a9788417950583 a(OCoLC)1151056750 aES-BaUABbcaterdacES-BaUAB ae-sp--- a071 aDíaz Nosty, Bernardo,eautor10aVoces de mujeres :bperiodistas españolas del siglo XX nacidas antes de la Guerra Civil /cBernardo Díaz Nosty 1aSevilla :bRenacimiento,c[2020] a628 pàgines :bil·lustracions ;c24 cm atextbtxt2rdacontent asense mediacióbn2rdamedia avolumbnc2rdacarrier aReferències bibliogràfiques aRecuperación coral de las voces de más de doscientas periodistas que, en su tiempo, rompieron moldes y buscaron espacios de igualdad. La docencia y el periodismo fueron ámbitos donde las mujeres cultivaron ideas de emancipación, a partir de posiciones muy distintas, para converger en una propuesta de sociedad más justa. Herederas, en unos casos, del librepensamiento, el anticlericalismo y la conciencia republicana, que, en los años veinte y treinta del pasado siglo, junto con otras de talante conservador, protagonizaron un periodismo creativo, moderno y crítico, abruptamente interrumpido por la dictadura franquista. Perfiles biográficos que descubren la audacia de las viajeras en tiempos difíciles, el tesón de las impulsoras del pensamiento feminista y el destino no deseado de más de medio centenar forzadas al exilio, fallecidas en muchos casos lejos de su tierra, sin olvidar a las fusiladas por la expresión libre de las ideas. Periodistas del siglo XX, nacidas antes de 1939. 9aSegle XX2thub 9aDones periodistes2thub 4aDones periodisteszEspanyaxHistòriayS. XX 4aDones periodisteszEspanyaxHistòriay1900-1936 9aEspanya2thub a.b7388179xb21-01-21c03-03-20d03-03-20emfa g-hspaisp j0k0 aUAB 2udccMON 00104070aCDMRbCDMRd2021-02-25g29.00l1m1oDt 13/57pCDMR21020013r2021-07-08s2021-03-02w2021-02-25yMON